MARC details
| 000 -LEADER |
| fixed length control field |
03712cam a22003975i 4500 |
| 001 - CONTROL NUMBER |
| control field |
007043152 |
| 003 - CONTROL NUMBER IDENTIFIER |
| control field |
EG-ScBUE |
| 005 - DATE AND TIME OF LATEST TRANSACTION |
| control field |
20191127113757.0 |
| 008 - FIXED-LENGTH DATA ELEMENTS--GENERAL INFORMATION |
| fixed length control field |
030723s2003 enka f b 101 0 eng d |
| 020 ## - INTERNATIONAL STANDARD BOOK NUMBER |
| International Standard Book Number |
9780714655123 |
| 040 ## - CATALOGING SOURCE |
| Original cataloging agency |
StDuBDS |
| Language of cataloging |
eng |
| Description conventions |
rda |
| Transcribing agency |
Uk |
| Modifying agency |
Uk |
| -- |
EG-ScBUE |
| 043 ## - GEOGRAPHIC AREA CODE |
| Geographic area code |
e------ |
| -- |
mm----- |
| 082 04 - DEWEY DECIMAL CLASSIFICATION NUMBER |
| Classification number |
327.401822 |
| Item number |
EUR |
| Edition number |
22 |
| 245 00 - TITLE STATEMENT |
| Title |
Euro-Mediterranean relations after September 11 : |
| Remainder of title |
international, regional, and domestic dynamics / |
| Statement of responsibility, etc |
editor, Annette Jünemann. |
| 264 #1 - PUBLICATION, DISTRIBUTION, ETC. (IMPRINT) |
| Place of publication, distribution, etc |
London ; |
| -- |
New York : |
| Name of publisher, distributor, etc |
Routledge & Taylor & Francis Group, |
| Date of publication, distribution, etc |
2003. |
| 300 ## - PHYSICAL DESCRIPTION |
| Extent |
245 pages ; |
| Dimensions |
23 cm |
| 336 ## - CONTENT TYPE |
| Content type term |
text |
| Content type code |
txt |
| Source |
rdacontent |
| 337 ## - MEDIA TYPE |
| Media type term |
unmediated |
| Media type code |
n |
| Source |
rdamedia |
| 338 ## - CARRIER TYPE |
| Carrier type term |
volume |
| Carrier type code |
nc |
| Source |
rdacarrier |
| 500 ## - GENERAL NOTE |
| General note |
"This group of studies first appeared in a special issue of Mediterranean politics (ISSN 1362-9395), Vol. 8, Nos. 2-3 (Summer-Autumn 2003) [Euro-Mediterranean relations after September 11: international, regional and domestic dynamics]"--T.p. verso. |
| 500 ## - GENERAL NOTE |
| General note |
"This collection emerged from an international conference on 'The Mediterranean in the new evolving international order: domestic, regional and international interests', which was held on the occasion of the 'First World Congress for Middle Eastern Studies'..."--Acknowledgments. |
| 505 0# - FORMATTED CONTENTS NOTE |
| Formatted contents note |
Security building in the Mediterranean after September 11 / Annette Jünemann -- Reshaping the agenda?: the internal politics of the Barcelona Process in the aftermath of September 11 / Richard Gillespie -- Repercussions of the emerging European security and defence policy on the civil character of the Euro-Mediterranean partnership / Annette Jünemann -- Gender and security in the Mediterranean / Cilja Harders -- The EMP and Morocco: diverging political agendas? / Said Haddadi -- Spanish foreign policy and the promotion of democracy and human rights: the case of morocco since the enthronement of Mohamed VI / Laura Feliu -- The external dimension of sub-national governments: dealing with human rights at the Barcelona and Valencia Euromed Civil Fora / Eduard Soler I. Lecha -- Loss of guiding values and support: September 11 and the isolation of human rights organizations in Egypt / Angela Grnert -- Democratization without democracy? The assistance of the European Union for democratization processes in Palestine / Stephan Stetter -- The EU and the Middle East Conflict: tackling the main obstacle to Euro-Mediterranean partnership / Muriel Asseburg -- Arab regional integration as a prerequisite for a successful Euro-Mediterranean partnership / Bchir Chourou -- Israeli policy perspectives on the Euro-Mediterranean Partnership in the context of EU enlargement / Alfred Tovias. |
| 520 ## - SUMMARY, ETC. |
| Summary, etc |
A comprehensive study of the nexus between democratization and security in the Mediterranean, which are seen as essentially complementary yet threatened by political trends witnessed since the September 2001 attacks.<br/> |
| 610 27 - SUBJECT ADDED ENTRY--CORPORATE NAME |
| Corporate name or jurisdiction name as entry element |
Euro-Mediterranean Partnership |
| Form subdivision |
Congresses. |
| Source of heading or term |
BUEsh |
| 610 27 - SUBJECT ADDED ENTRY--CORPORATE NAME |
| Corporate name or jurisdiction name as entry element |
European Union |
| Form subdivision |
Congresses. |
| Source of heading or term |
BUEsh |
| 650 #7 - SUBJECT ADDED ENTRY--TOPICAL TERM |
| Topical term or geographic name as entry element |
September 11 Terrorist Attacks, 2001 |
| Form subdivision |
Congresses. |
| Source of heading or term |
BUEsh |
| 651 #7 - SUBJECT ADDED ENTRY--GEOGRAPHIC NAME |
| Geographic name |
Europe |
| General subdivision |
Foreign relations |
| Geographic subdivision |
Mediterranean Region. |
| Source of heading or term |
BUEsh |
| 651 #7 - SUBJECT ADDED ENTRY--GEOGRAPHIC NAME |
| Geographic name |
Mediterranean Region |
| General subdivision |
Foreign relations |
| Geographic subdivision |
Europe |
| Form subdivision |
Congresses. |
| Source of heading or term |
BUEsh |
| 651 #7 - SUBJECT ADDED ENTRY--GEOGRAPHIC NAME |
| Geographic name |
European Union countries |
| General subdivision |
Foreign relations |
| Geographic subdivision |
Mediterranean Region |
| -- |
Congresses. |
| Source of heading or term |
BUEsh |
| 651 #7 - SUBJECT ADDED ENTRY--GEOGRAPHIC NAME |
| Geographic name |
Mediterranean Region |
| General subdivision |
Foreign relations |
| Geographic subdivision |
European Union countries |
| Form subdivision |
Congresses. |
| Source of heading or term |
BUEsh |
| 653 ## - INDEX TERM--UNCONTROLLED |
| Resource For college |
BAEPS, Political Science |
| -- |
MASTER - Political Science |
| Arrived date list |
November2019 |
| 655 ## - INDEX TERM--GENRE/FORM |
| Form subdivision |
Reading book |
| 700 1# - ADDED ENTRY--PERSONAL NAME |
| Personal name |
Jünemann, Annette, |
| Dates associated with a name |
1959- |
| Relator term |
editor. |
| 711 2# - ADDED ENTRY--MEETING NAME |
| Meeting name or jurisdiction name as entry element |
World Congress for Middle Eastern Studies |
| Number of part/section/meeting |
(1st : |
| Date of meeting |
2002 : |
| Location of meeting |
University of Mainz) |
| 942 ## - ADDED ENTRY ELEMENTS (KOHA) |
| Source of classification or shelving scheme |
Dewey Decimal Classification |
| Koha item type |
Book - Borrowing |